Save the forests (Record no. 74922)

MARC details
000 -LEADER
fixed length control field 01118cab a2200217 4500
001 - CONTROL NUMBER
control field ABS68874
008 - FIXED-LENGTH DATA ELEMENTS--GENERAL INFORMATION
fixed length control field 050315n 000 0 eng u
035 ## - SYSTEM CONTROL NUMBER
System control number (Sirsi) u129059
100 ## - MAIN ENTRY--PERSONAL NAME
Personal name Lupton, M.
245 ## - TITLE STATEMENT
Title Save the forests
490 ## - SERIES STATEMENT
Series statement Regeneration and Renewal
Volume/sequential designation 4 March 2005, 20-21(2)
520 ## - SUMMARY, ETC.
Summary, etc. Considers the future of Britain's 12 community forests over the next two years as central government funding ceases and they have to make a switch to regional and local revenue sources. Local authorities are likely to continue making significant financial contributions and government will carry on playing an albeit more indirect role. Each of the forests has prepared a succession planning framework setting out their future strategies, some seeking to establish trusts or development companies that will allow forests to earn money. Provides a brief history of the community forests.
590 ## - LOCAL NOTE (RLIN)
Local note ABS
650 ## - SUBJECT ADDED ENTRY--TOPICAL TERM
Topical term or geographic name entry element MANCHESTER
650 ## - SUBJECT ADDED ENTRY--TOPICAL TERM
Topical term or geographic name entry element URBAN FRINGE
650 ## - SUBJECT ADDED ENTRY--TOPICAL TERM
Topical term or geographic name entry element COMMUNITY FORESTS
650 ## - SUBJECT ADDED ENTRY--TOPICAL TERM
Topical term or geographic name entry element REGENERATION
650 ## - SUBJECT ADDED ENTRY--TOPICAL TERM
Topical term or geographic name entry element WOODLAND
690 ## - LOCAL SUBJECT ADDED ENTRY--TOPICAL TERM (OCLC, RLIN)
Topical term or geographic name as entry element ENVIRONMENTAL AND LAND CONSULTANCY
942 ## - ADDED ENTRY ELEMENTS (KOHA)
Suppress in OPAC 0
Holdings
Withdrawn status Lost status Source of classification or shelving scheme Damaged status Not for loan Home library Current library Shelving location Date acquired Total Checkouts Full call number Barcode Date last seen Copy number Price effective from Koha item type
    Other/Generic Classification Scheme     London London Journal article 15/03/2005   ABS68874 129059-1001 06/08/2019 1 06/08/2019 Journal article